ميلاد الذكاء عند الطفل / (رقم التسجيلة. 230)

تفاصيل مارك
000 -الفاتح
عناصر البيانات ثابتة الطول 00721cam a2200205 i 4500
005 - تاريخ ووقت آخر معاملة
حقل ضبط 20251109123309.0
008 - عناصر البيانات ثابتة الطول
عناصر البيانات ثابتة الطول 250721s2011 jo gr 000 0 ara d
020 ## - الترقيم الدولي المعياري للكتب (ردمك)
الترقيم الدولي المعياري للكتب (ردمك) 9789957350253
082 14 - رقم تصنيف ديوي العشري
رقم التصنيف 155.4
رقم المادة س ي د
100 1# - مدخل رئيسي – اسم شخصي
الاسم الشخصي السيد، إبراهيم جابر
علاقة الشخص بالعمل/ دوره مؤلف.
245 10 - بيان العنوان
العنوان ميلاد الذكاء عند الطفل /
بيان المسؤولية الأستاذ الدكتور إبراهيم جابر السيد.
264 31 - بيانات النشر، التوزيع…إلخ
مكان النشر، التوزيع...إلخ عمان :
اسم الناشر، الموزع...إلخ مركز الكتاب الأكاديمي،
تاريخ النشر، التوزيع...إلخ 2011.
300 ## - الوصف المادي
عدد الوحدات المكونة للوعاء 578 صفحة.
650 17 - مدخل إضافي بالموضوع - مصطلح موضوعي
مصطلح موضوعي أو اسم جغرافي كعنصر مدخل سيكولوجية الأطفال.
650 17 - مدخل إضافي بالموضوع - مصطلح موضوعي
مصطلح موضوعي أو اسم جغرافي كعنصر مدخل علم نفس الطفولة.
650 17 - مدخل إضافي بالموضوع - مصطلح موضوعي
مصطلح موضوعي أو اسم جغرافي كعنصر مدخل الذكاء.
650 17 - مدخل إضافي بالموضوع - مصطلح موضوعي
مصطلح موضوعي أو اسم جغرافي كعنصر مدخل الإبداعية.
942 ## - بيانات إضافية (كوها)
نوع التنصيف Dewey Decimal Classification
نوع المادة (كوها) كتب
المقتنيات
حالة السحب حالة الفقدان مصدر التصنيف حالة التلف غير قابل للإعارة المكتبة الرئيسية المكتبة الحالية موقع الرف تاريخ التزويد الرقم المتسلسل Total Checkouts رقم الإستدعاء الباركود تاريخ آخر ظهور تاريخ الفاتورة نوع المادة (كوها)
    Dewey Decimal Classification     المكتبة المركزية المكتبة المركزية الإعارة 28/07/2025 1505712   155.4 / س ي د PLD00235990 28/07/2025 28/07/2025 كتب
    Dewey Decimal Classification     المكتبة المركزية المكتبة المركزية الإعارة 13/12/2011 1505713   155.4/سيد PLD00236141 28/07/2025 13/12/2011 كتب
    Dewey Decimal Classification     المكتبة المركزية المكتبة المركزية مقتنيات قسم التزويد 28/07/2025 1505714   155.4/سيد   28/07/2025 28/07/2025 كتب
    Dewey Decimal Classification     مكتبة أبو علندا العامة مكتبة أبو علندا العامة الإعارة 13/12/2011 1505715   155.4/سيد PLD00236142 28/07/2025 13/12/2011 كتب
    Dewey Decimal Classification     مكتبة الأميرة ايمان العامة مكتبة الأميرة ايمان العامة الإعارة 13/12/2011 1505716   155.4/سيد PLD00236143 28/07/2025 13/12/2011 كتب
    Dewey Decimal Classification     مكتبة الجويدة مكتبة الجويدة الإعارة 13/12/2011 1505718   155.4/سيد PLD00236145 28/07/2025 13/12/2011 كتب
    Dewey Decimal Classification     مكتبة النصر العامة مكتبة النصر العامة الإعارة 13/12/2011 1505720   155.4/سيد PLD00236147 28/07/2025 13/12/2011 كتب
    Dewey Decimal Classification     مكتبة حمزة العامة مكتبة حمزة العامة الإعارة 13/12/2011 1505721   155.4/سيد PLD00236148 28/07/2025 13/12/2011 كتب
Implemented & Customized by: BBB with SCIT (Smart Chains for Information Technology)

Powered by Koha